Canción de Bad Bunny por la letra - Estadísticas

Estadísticas generales
  • Esta prueba ha sido intentada 569 veces
  • La puntuación promedio es 6 de 15
Estadísticas de respuestas
Hint Respuesta % Correcto
Y en el carro, la playa, el motel, en casa de tu pai cuando yo te iba a ver La Canción
75%
Los shots de tequila ni los siente Callaita
67%
Y si hoy me emborracho, pues que me ayuden DtMF
61%
No somos na pero estamos envuelto hace rato Moscow Mule
60%
Tal vez en ti quise encontrar... lo que en otra perdí Where she goes
54%
Me acostumbré al souer, ya no patea Tú No Vive Así
52%
Si subiste un story es pa que te lo comenten Tarot
48%
Ese culo ta cabrón, mami tú ta bendeciá Hasta Que Dios Diga
42%
La leona no está puesta pa gatito Soltera Remix
41%
Baby pon la alarma que por ti madrugo AM Remix
28%
Cabrón tu eres chota... tú eres reportero Chambea
27%
La presión se siente siempre que llegamos La Zona
26%
Bonitos recuerdos de cuando nos escapamos Te Mudaste
26%
Anda con la amiga siempre arrebatá La Difícil
20%
Por to los polvo que echamo en la regadera Seda
17%
No se encontraron pruebas coincidentes
Distribución de puntuación
Porcentaje de gente con cada puntuación
Porcentaje por número respondido
Historial de tus puntuaciones
No has intentado esta prueba.